000 00415nam a2200181Ia 4500
001 9803
005 20260306161745.0
008 260306t2007||||xx |||||||||||||| ||spa||
041 _aESP
082 _a461.52
_bS12 2007
100 _aSánchez Lobato, Jesús
_eAUT
245 0 _aSaber escribir
260 _c2007
300 _a520 páginas :
_ccm.
650 _aGEN
654 _aCHU
942 _cLIB
_dJUS
_fJUS
_2ddc
_n
999 _c9803
_d9803